MIGLIORI 11 DEGLI EUROPEI - Statistics

Statistiche generali
  • Questo quiz è stato fatto 658 volte
  • Il punteggio medio è 36 su 99
Statistiche sulle risposte
ANNO RUOLO NAZIONE GIOCATORE % Corretto
2020 POR ITALIA DONNARUMMA
98%
2020 DC ITALIA BONUCCI
90%
2020 ATT BELGIO LUKAKU
82%
2020 AS ITALIA CHIESA
78%
2016 AS PORTOGALLO RONALDO
78%
2012 AS PORTOGALLO RONALDO
78%
2004 AS PORTOGALLO RONALDO
78%
2020 TS ITALIA SPINAZZOLA
76%
2012 POR ITALIA BUFFON
74%
2020 TD INGHILTERRA WALKER
70%
2020 CC ITALIA JORGINHO
69%
2016 POR PORTOGALLO RUI PATRICIO
67%
2012 CC SPAGNA INIESTA
66%
2008 CC SPAGNA INIESTA
66%
2020 DC INGHILTERRA MAGUIRE
65%
2012 CC SPAGNA XAVI
63%
2008 CC SPAGNA XAVI
63%
2008 POR SPAGNA CASILLAS
62%
2012 ATT SVEZIA IBRAHIMOVIC
62%
2016 DC PORTOGALLO PEPE
61%
2008 DC PORTOGALLO PEPE
61%
2012 CC ITALIA PIRLO
59%
2012 ATT ITALIA BALOTELLI
56%
2012 TD GERMANIA LAHM
56%
2008 TD GERMANIA LAHM
56%
2012 DC SPAGNA RAMOS
56%
2020 CC SPAGNA PEDRI
54%
2012 DC SPAGNA PIQUE
54%
2000 TS ITALIA MALDINI
53%
1996 TS ITALIA MALDINI
53%
1988 TS ITALIA MALDINI
53%
2008 DC SPAGNA PUYOL
53%
2016 TRQ FRANCIA GRIEZMANN
51%
2004 TD ITALIA ZAMBROTTA
49%
2008 ATT SPAGNA TORRES
47%
2000 CC FRANCIA ZIDANE
47%
2016 CC GALLES RAMSEY
46%
2000 ATT ITALIA TOTTI
46%
2008 ATT SPAGNA VILLA
46%
2004 POR REP. CECA CECH
45%
2012 TS SPAGNA JORDI ALBA
45%
2000 DC ITALIA CANNAVARO
44%
1992 CC OLANDA GULLIT
42%
1988 CC OLANDA GULLIT
42%
2016 TD GERMANIA KIMMICH
42%
2016 CC GERMANIA KROOS
42%
2020 AD INGHILTERRA STERLING
42%
2004 CC REP. CECA NEDVED
41%
1992 ATT OLANDA VAN BASTEN
41%
1988 ATT OLANDA VAN BASTEN
41%
2016 DC GERMANIA BOATENG
39%
2000 TD FRANCIA THURAM
39%
2000 AD PORTOGALLO FIGO
38%
2000 POR ITALIA TOLDO
35%
2008 CC OLANDA SNEIJDER
32%
2016 AD FRANCIA PAYET
24%
1992 POR DANIMARCA SCHMEICHEL
24%
2000 DC FRANCIA BLANC
22%
1996 TD FRANCIA BLANC
22%
1992 DC FRANCIA BLANC
22%
2008 CC SPAGNA FABREGAS
22%
1988 CC GERMANIA MATTHAUS
22%
1988 DC OLANDA RIJKAARD
22%
2004 AD INGHILTERRA ROONEY
22%
2016 TS PORTOGALLO GUERREIRO
20%
1996 ATT CROAZIA SUKER
20%
2000 CC OLANDA DAVIDS
19%
1996 ATT BULGARIA STOICKOV
16%
1992 ATT OLANDA BERGKAMP
14%
2020 CC DANIMARCA HOJBJERG
14%
2000 AS OLANDA KLUIVERT
14%
1996 ATT INGHILTERRA SHEARER
14%
2004 TS PORTOGALLO CARVALHO
13%
1988 ATT ITALIA VIALLI
13%
1988 DC ITALIA BERGOMI
12%
2016 CC GALLES ALLEN
10%
1988 TD OLANDA KOEMAN
9%
1992 CC DANIMARCA LAUDRUP
9%
1996 DC GERMANIA SAMMER
9%
1992 TS GERMANIA BREHME
8%
2004 ATT REP. CECA BAROS
7%
2004 DC GRECIA DELLAS
7%
2000 CC FRANCIA VIERA
7%
1996 CC INGHILTERRA GASCOIGNE
5%
2004 CC PORTOGALLO MANICHE
5%
1996 DC FRANCIA DESALLY
4%
2004 CC GRECIA ZAGORAKIS
4%
2008 TS PORTOGALLO BOSINGWA
3%
1988 CC ITALIA GIANNINI
3%
1996 CC REP. CECA POBORSKY
3%
1992 TD FRANCIA ANGLOMA
1%
1992 CC GERMANIA EFFENBERG
1%
1992 DC GERMANIA KOHLER
1%
1996 POR GERMANIA KOPKE
1%
2004 DC GRECIA SEITARIDIS
1%
1996 CC GERMANIA EILTS
0%
1992 CC GERMANIA HABLER
0%
1988 POR OLANDA VAN BREUKELEN
0%
1988 CC OLANDA WOUTERS
0%
Nessun quiz corrispondente trovato
Distribuzione punteggi
Percentuale di utenti per punteggio
Percentile per numero di risposta
I tuoi punteggi nel tempo
Non hai fatto questo quiz